| 000 | 01609nam a22003254aa4500 | ||
|---|---|---|---|
| 003 | BOFEUTO | ||
| 005 | 20260512154145.0 | ||
| 008 | 260504t2025 bo gr 000 f spa d | ||
| 040 |
_6BOFEUTO _aBOFEUTO _cBOFEUTO |
||
| 041 | _aspa | ||
| 044 | _abo | ||
| 082 |
_aTE6300 _bM263p |
||
| 100 | _aMamani Flores, Pamela Jemina | ||
| 100 | _eautor | ||
| 245 | _aPlan de marketing digital para la Empresa Ludus de la ciudad de Oruro. / | ||
| 245 | _c Pamela Jemina Mamani Flores, César Choque García | ||
| 260 |
_aOruro : _bs/n, _c2025. |
||
| 300 |
_a124 hojas ; _bgráf. ilus. ; _c28.5 cm. |
||
| 500 | _aIncluye bibliografía, anexos. | ||
| 502 | _aTrabajo Dirigido, (Licenciatura) -- Universidad Técnica de Oruro, Facultad de Ciencias Económicas, Financieras y Administrativas, Carrera Administración de Empresas, 2025. | ||
| 520 | _aEl estudio surge como respuesta a la disminución de la demanda en los últimos años, ocasionada principalmente por el incremento de la competencia. Para ello, se desarrollaron etapas fundamentales : análisis situacional, definición del público objetivo, establecimiento de objetivos estratégicos, diseño de estrategias de promoción y definición de tácticas operativas. Dichos elementos permiten una comprensión clara de la audiencia y sus necesidades, así como la formulación de acciones efectivas orientadas a resultados medibles. | ||
| 650 | _aMarketing | ||
| 653 | _aPlan | ||
| 653 | _aEmpresas | ||
| 653 | _aDigital | ||
| 653 | _aComercialización | ||
| 700 |
_aChoque García, César _etutor |
||
| 942 |
_2ddc _cTE _n0 |
||
| 942 |
_n0 _2ddc |
||
| 999 |
_c16155 _d16155 |
||